| 000 | 00502nam a22001937a 4500 | ||
|---|---|---|---|
| 003 | MPLRDC | ||
| 005 | 20220104155814.0 | ||
| 008 | 210129b ||||| |||| 00| 0 eng d | ||
| 020 | _a957-13-0484-0 | ||
| 082 | _a172.1 HQS | ||
| 100 | _a洪启嵩 | ||
| 245 |
_a生命提款机@脑力总动员 _c |
||
| 250 | _a一版一刷 | ||
| 260 |
_a台湾 _b时报文化出版企业有限公司 _c1992 |
||
| 300 | _b平 | ||
| 490 | _a人间丛书. 183 | ||
| 650 | _a神经心理学 | ||
| 942 |
_cBK _o172.1 HQS |
||
| 999 |
_c54676 _d54666 |
||